[Event "FIDE Open World Blitz 2021"]
[Site "Warsaw"]
[Date "2021.12.30"]
[Round "17.42"]
[White "Tazbir, Marcin"]
[Black "Wojtaszek, Radoslaw"]
[Result "1-0"]
[WhiteElo "2508"]
[BlackElo "2700"]
[Annotator "ChessBase"]
[PlyCount "81"]
[EventDate "2021.12.29"]
[EventType "swiss"]
[EventCountry "POL"]
[Tiebreak "Cut1 Buchholz"]
[SourceTitle "playchess.com"]
[Source "ChessBase"]
[SourceQuality "1"]

1. c4 Nf6 2. g3 c6 3. Bg2 d5 4. Qc2 g6 5. Nf3 Bg7 6. O-O O-O 7. b3 d4 8. d3 c5
9. b4 cxb4 10. a3 bxa3 11. Bxa3 Nc6 12. Nbd2 Rb8 13. Rab1 b6 14. Rfe1 Re8 15.
Qa4 Bd7 16. Qb3 h6 17. Bb2 e5 18. e3 dxe3 19. Rxe3 Bf5 20. h3 Nd7 21. Qb5 Na5
22. g4 Be6 23. Nxe5 Nxe5 24. Bxe5 Bxe5 25. Qxe5 Bd7 26. Qf4 Qg5 27. Qxg5 hxg5
28. Ne4 Kg7 29. Nxg5 Nc6 30. Bd5 Rxe3 31. fxe3 Nd8 32. Kf2 Rc8 33. Nf3 Rc5 34.
Ra1 a5 35. Rb1 Be6 36. d4 Rc8 37. Rxb6 Bxd5 38. cxd5 Ra8 39. Ne5 a4 40. Rb2 Nb7
41. Rxb7 1-0

[Event "FIDE Open World Blitz 2021"]
[Site "Warsaw"]
[Date "2021.12.30"]
[Round "17.43"]
[White "Alonso Rosell, Alvar"]
[Black "Ghaem Maghami, Ehsan"]
[Result "0-1"]
[WhiteElo "2580"]
[BlackElo "2520"]
[Annotator "ChessBase"]
[PlyCount "120"]
[EventDate "2021.12.29"]
[EventType "swiss"]
[EventCountry "POL"]
[Tiebreak "Cut1 Buchholz"]
[SourceTitle "playchess.com"]
[Source "ChessBase"]
[SourceQuality "1"]

1. d4 Nf6 2. Bf4 d5 3. e3 c5 4. dxc5 e6 5. b4 a5 6. c3 Bd7 7. a4 b6 8. cxb6
Qxb6 9. b5 Bd6 10. Nf3 O-O 11. Bd3 Re8 12. Bxd6 Qxd6 13. O-O e5 14. Be2 Qc5 15.
Qd2 Bg4 16. c4 d4 17. exd4 exd4 18. Nxd4 Rd8 19. Bxg4 Rxd4 20. Qe3 Nxg4 21.
Qe8+ Qf8 22. Qxf8+ Kxf8 23. c5 Nd7 24. c6 Nb6 25. Nc3 Rc4 26. Rac1 Nf6 27. Rfd1
Rc8 28. Kf1 Ne4 29. Ne2 Rxc1 30. Rxc1 Nxa4 31. Ra1 Nec5 32. Nd4 g6 33. b6 Nxb6
34. Rxa5 Ne6 35. Nxe6+ fxe6 36. Ra7 h5 37. c7 Nd5 38. Ra6 Ke7 39. g3 Rxc7 40.
Ra8 Kf6 41. h4 Rd7 42. Kg2 Re7 43. Rb8 Kg7 44. Rd8 Nf6 45. Rb8 e5 46. Rb4 e4
47. Rb3 Ng4 48. Kf1 Rf7 49. Rb2 e3 50. f4 Rd7 51. Ke1 Rd2 52. Rb7+ Kh6 53. f5
gxf5 54. Rb5 Kg6 55. Rb3 Rg2 56. Kf1 Rxg3 57. Ke2 Rg2+ 58. Kf3 Rf2+ 59. Kg3 f4+
60. Kh3 Rh2# 0-1

[Event "FIDE Open World Blitz 2021"]
[Site "Warsaw"]
[Date "2021.12.30"]
[Round "17.44"]
[White "Gagunashvili, Merab"]
[Black "Shevchenko, Kirill"]
[Result "1-0"]
[WhiteElo "2575"]
[BlackElo "2647"]
[Annotator "ChessBase"]
[PlyCount "137"]
[EventDate "2021.12.29"]
[EventType "swiss"]
[EventCountry "POL"]
[Tiebreak "Cut1 Buchholz"]
[SourceTitle "playchess.com"]
[Source "ChessBase"]
[SourceQuality "1"]

1. d4 Nf6 2. Nf3 c5 3. d5 b5 4. Bg5 g6 5. Nc3 b4 6. Na4 d6 7. Bxf6 exf6 8. a3
a5 9. e3 Bd7 10. axb4 axb4 11. b3 Bg7 12. Be2 f5 13. Rb1 O-O 14. Nb2 Bc3+ 15.
Nd2 Na6 16. O-O Nc7 17. Ndc4 Bb5 18. Qc1 Qf6 19. Rd1 Ra2 20. Na4 Bxa4 21. bxa4
Rxa4 22. Nb6 Ra2 23. Nd7 Qe7 24. Nxf8 Kxf8 25. Bc4 Ra8 26. Rb3 Ne8 27. Rxc3
bxc3 28. Qb1 Nf6 29. Qb3 Qe5 30. g3 h5 31. h4 Ne4 32. Bf1 Kg7 33. Bg2 Nf6 34.
Qc4 Rb8 35. Qd3 Rb4 36. f4 Qe7 37. Qxc3 Kh7 38. Bf3 Ng4 39. Bxg4 hxg4 40. Qd3
Re4 41. Kf2 Qb7 42. Rh1 c4 43. Qd2 Kh6 44. Qc3 Re8 45. Qd4 Qe7 46. c3 f6 47.
Rb1 Ra8 48. Rb2 Kg7 49. Qxc4 Re8 50. Qd4 Qc7 51. Ra2 Re7 52. c4 Qb7 53. Rb2 Qa6
54. c5 dxc5 55. Qxc5 Rd7 56. Qc6 Qa7 57. Rd2 Re7 58. Qc3 Qb7 59. Qd3 Qb6 60. d6
Rd7 61. Qd4 Qc6 62. Qd5 Qc1 63. Kg2 Qe1 64. Qd3 Kh6 65. Qd4 Kg7 66. Qd3 Qc1 67.
Qd5 Ra7 68. d7 Ra1 69. Qg8+ 1-0

[Event "FIDE Open World Blitz 2021"]
[Site "Warsaw"]
[Date "2021.12.30"]
[Round "17.45"]
[White "Saric, Ivan"]
[Black "Paravyan, David"]
[Result "1-0"]
[WhiteElo "2665"]
[BlackElo "2642"]
[Annotator "ChessBase"]
[PlyCount "128"]
[EventDate "2021.12.29"]
[EventType "swiss"]
[EventCountry "POL"]
[Tiebreak "Cut1 Buchholz"]
[SourceTitle "playchess.com"]
[Source "ChessBase"]
[SourceQuality "1"]

1. e4 e5 2. Nf3 Nc6 3. Bb5 a6 4. Ba4 Nge7 5. O-O Ng6 6. c3 d5 7. d3 Be7 8. Re1
O-O 9. Nbd2 Be6 10. Nf1 b5 11. Bb3 Qd7 12. Ne3 Nf4 13. exd5 Nxd5 14. Nxd5 Bxd5
15. Nxe5 Nxe5 16. Rxe5 Bb7 17. d4 Bf6 18. Re1 a5 19. Bf4 a4 20. Bc2 a3 21. bxa3
Rxa3 22. Qd3 g6 23. Bb3 Bd5 24. Rab1 c6 25. Bh6 Bg7 26. Bxg7 Kxg7 27. Re5 Rc8
28. h4 Qg4 29. g3 h5 30. Kh2 Rd8 31. Qe2 Bf3 32. Qe3 Bd5 33. Rg5 Qe4 34. Qxe4
Bxe4 35. Rb2 Bf5 36. Re2 Rd7 37. Re5 f6 38. Rexf5 fxg5 39. Rxg5 Rd6 40. Kg2 Ra8
41. Rc5 Re8 42. a4 bxa4 43. Bxa4 Ree6 44. Bd1 Rf6 45. Bb3 Rd7 46. Ba4 Rdf7 47.
f4 Ra7 48. Bxc6 Ra2+ 49. Kf3 Rc2 50. Be4 Rc1 51. d5 Rb6 52. Rc7+ Kf6 53. Ke3
Rg1 54. Kd4 Rxg3 55. c4 Ra3 56. Kc5 Rb8 57. d6 Ra5+ 58. Kd4 Ke6 59. Rc6 Kd7 60.
Bd5 Rb1 61. c5 Rd1+ 62. Ke5 Kd8 63. Rc7 Ra3 64. Be6 Re3+ 1-0

[Event "FIDE Open World Blitz 2021"]
[Site "Warsaw"]
[Date "2021.12.30"]
[Round "17.46"]
[White "Bartel, Mateusz"]
[Black "Vokhidov, Shamsiddin"]
[Result "0-1"]
[WhiteElo "2619"]
[BlackElo "2613"]
[Annotator "ChessBase"]
[PlyCount "56"]
[EventDate "2021.12.29"]
[EventType "swiss"]
[EventCountry "POL"]
[Tiebreak "Cut1 Buchholz"]
[SourceTitle "playchess.com"]
[Source "ChessBase"]
[SourceQuality "1"]

1. e4 c5 2. Ne2 Nf6 3. Nbc3 Nc6 4. g3 d5 5. exd5 Nxd5 6. Bg2 Nxc3 7. bxc3 g6 8.
O-O Bg7 9. d3 Qd7 10. Be3 b6 11. d4 cxd4 12. cxd4 Bb7 13. d5 Ne5 14. Bd4 O-O
15. Nf4 Rac8 16. Re1 Nc4 17. Bxg7 Kxg7 18. Bh3 Qd6 19. Bxc8 Rxc8 20. Qe2 Rc7
21. Rad1 Qf6 22. h4 Kf8 23. Rd3 Nd6 24. Rf3 Nf5 25. g4 Nd4 26. Qd3 Nxf3+ 27.
Qxf3 Rc4 28. Re4 Bxd5 0-1

[Event "FIDE Open World Blitz 2021"]
[Site "Warsaw"]
[Date "2021.12.30"]
[Round "17.47"]
[White "Suleymanli, Aydin"]
[Black "Zvjaginsev, Vadim"]
[Result "1-0"]
[WhiteElo "2541"]
[BlackElo "2609"]
[Annotator "ChessBase"]
[PlyCount "79"]
[EventDate "2021.12.29"]
[EventType "swiss"]
[EventCountry "POL"]
[Tiebreak "Cut1 Buchholz"]
[SourceTitle "playchess.com"]
[Source "ChessBase"]
[SourceQuality "1"]

1. d4 d6 2. Bg5 h6 3. Bh4 g5 4. Bg3 Nf6 5. e3 Ne4 6. Bd3 Nxg3 7. hxg3 Bg7 8. c3
e6 9. g4 Nd7 10. Ne2 Nf6 11. Ng3 Qe7 12. Nd2 d5 13. a4 Bd7 14. a5 c5 15. Kf1
Rc8 16. Qf3 Kf8 17. Re1 Qd6 18. e4 Qf4 19. e5 Nxg4 20. Qxf4 gxf4 21. Nh5 cxd4
22. cxd4 f6 23. Rh4 f5 24. Nxf4 h5 25. Ng6+ Kf7 26. Nxh8+ Rxh8 27. f3 Nh6 28.
Rxh5 Rc8 29. Ke2 Be8 30. Reh1 Ng8 31. Rh7 Kf8 32. Nb3 b6 33. axb6 axb6 34. Ra1
Bg6 35. Rhh1 Ne7 36. Rhc1 Rb8 37. Rc7 Bh6 38. Raa7 Ng8 39. Rcb7 Rc8 40. Rxb6
1-0

[Event "FIDE Open World Blitz 2021"]
[Site "Warsaw"]
[Date "2021.12.30"]
[Round "17.48"]
[White "Sadhwani, Raunak"]
[Black "Movsesian, Sergei"]
[Result "1-0"]
[WhiteElo "2562"]
[BlackElo "2615"]
[Annotator "ChessBase"]
[PlyCount "79"]
[EventDate "2021.12.29"]
[EventType "swiss"]
[EventCountry "POL"]
[Tiebreak "Cut1 Buchholz"]
[SourceTitle "playchess.com"]
[Source "ChessBase"]
[SourceQuality "1"]

1. d4 d5 2. Nf3 Nf6 3. Bf4 e6 4. e3 c5 5. c3 Bd6 6. Nbd2 O-O 7. Bd3 Bxf4 8.
exf4 b6 9. Qe2 Qd6 10. Ne5 cxd4 11. cxd4 Qb4 12. Qe3 Ba6 13. O-O Bxd3 14. Nxd3
Qd6 15. a3 Nc6 16. g3 Rac8 17. Rac1 Rc7 18. Nf3 Rfc8 19. Rce1 Ne7 20. Nh4 Rc2
21. Rc1 h6 22. Nb4 R2c4 23. b3 R4c7 24. Rxc7 Qxc7 25. Re1 Ne4 26. f5 Nxf5 27.
Nxf5 exf5 28. Nxd5 Qd6 29. Nf4 Rc3 30. Qe2 Qxa3 31. Qb5 Nf6 32. Qxf5 Qxb3 33.
Nh5 Nh7 34. Re8+ Nf8 35. Kg2 Qc2 36. Qe5 Qg6 37. Nf4 Qf6 38. Qe4 Qd6 39. Nd5
Qc6 40. Ne7+ 1-0

[Event "FIDE Open World Blitz 2021"]
[Site "Warsaw"]
[Date "2021.12.30"]
[Round "17.49"]
[White "Sychev, Klementy"]
[Black "Durarbayli, Vasif"]
[Result "1/2-1/2"]
[WhiteElo "2615"]
[BlackElo "2599"]
[Annotator "ChessBase"]
[PlyCount "84"]
[EventDate "2021.12.29"]
[EventType "swiss"]
[EventCountry "POL"]
[Tiebreak "Cut1 Buchholz"]
[SourceTitle "playchess.com"]
[Source "ChessBase"]
[SourceQuality "1"]

1. e4 e5 2. Nf3 Nc6 3. Bb5 a6 4. Ba4 Nge7 5. c3 g6 6. d4 exd4 7. cxd4 b5 8. Bb3
Bg7 9. d5 Na5 10. Bd2 Nxb3 11. Qxb3 c5 12. Bc3 f6 13. O-O d6 14. a3 O-O 15.
Nbd2 Bb7 16. Qc2 Rc8 17. Qd3 Qd7 18. b4 c4 19. Qc2 f5 20. Bxg7 Kxg7 21. Ng5 Kg8
22. f3 Rce8 23. Qc3 Bc8 24. Kh1 Qc7 25. Rae1 h6 26. Nh3 g5 27. Nb3 Ng6 28. Nd4
fxe4 29. fxe4 Rxf1+ 30. Rxf1 Rxe4 31. Nc6 Qg7 32. Qc2 Re8 33. Nf2 Nf4 34. Qd1
Bf5 35. Nd4 Bd3 36. Ne6 Rxe6 37. Nxd3 Re4 38. Nf2 Re5 39. Ng4 Rxd5 40. Qe1 h5
41. Qe8+ Kh7 42. Qe4+ Qg6 1/2-1/2

[Event "FIDE Open World Blitz 2021"]
[Site "Warsaw"]
[Date "2021.12.30"]
[Round "17.50"]
[White "Tari, Aryan"]
[Black "Puranik, Abhimanyu"]
[Result "1-0"]
[WhiteElo "2649"]
[BlackElo "2604"]
[Annotator "ChessBase"]
[PlyCount "77"]
[EventDate "2021.12.29"]
[EventType "swiss"]
[EventCountry "POL"]
[Tiebreak "Cut1 Buchholz"]
[SourceTitle "playchess.com"]
[Source "ChessBase"]
[SourceQuality "1"]

1. e4 e5 2. Nf3 Nc6 3. Bb5 a6 4. Ba4 Nf6 5. Nc3 Bd6 6. O-O h6 7. Bxc6 dxc6 8.
d3 O-O 9. h3 Re8 10. Ne2 c5 11. Ng3 Nh7 12. Be3 Nf8 13. Nd2 Ne6 14. Nf5 Nd4 15.
Nxd6 cxd6 16. f4 b5 17. c3 exf4 18. Rxf4 Ne6 19. Rf2 d5 20. Qh5 d4 21. cxd4
cxd4 22. Bxh6 Qc7 23. Raf1 Ra7 24. Bf4 Qc2 25. Nc4 Qxd3 26. Nd6 Nxf4 27. Rxf4
Rf8 28. Nxf7 Qe3+ 29. Kh2 Qxf4+ 30. Rxf4 Raxf7 31. Rh4 Rf6 32. Qh7+ Kf7 33. e5
Bf5 34. Qh5+ Bg6 35. Qd1 Rf2 36. Qxd4 Kg8 37. Qd5+ R8f7 38. e6 Re7 39. Qc5 1-0

[Event "FIDE Open World Blitz 2021"]
[Site "Warsaw"]
[Date "2021.12.30"]
[Round "17.51"]
[White "Timofeev, Artyom"]
[Black "Bellahcene, Bilel"]
[Result "1-0"]
[WhiteElo "2586"]
[BlackElo "2528"]
[Annotator "ChessBase"]
[PlyCount "101"]
[EventDate "2021.12.29"]
[EventType "swiss"]
[EventCountry "POL"]
[Tiebreak "Cut1 Buchholz"]
[SourceTitle "playchess.com"]
[Source "ChessBase"]
[SourceQuality "1"]

1. c4 e6 2. Nf3 d5 3. b3 Nf6 4. Bb2 b6 5. cxd5 exd5 6. e3 Bd6 7. Bb5+ c6 8. Be2
O-O 9. O-O Re8 10. Nc3 Nbd7 11. Rc1 Ne5 12. Nxe5 Bxe5 13. Na4 Qd6 14. Bxe5 Rxe5
15. d4 Rg5 16. f4 Rg6 17. Bd3 Rh6 18. h3 Bd7 19. Qf3 Re8 20. Nc3 Qe7 21. Rfe1
Ne4 22. Bxe4 dxe4 23. Qf2 Qd6 24. Kh2 Kh8 25. Ne2 Be6 26. Ng3 Qd7 27. f5 Bd5
28. Qf4 Qe7 29. Ne2 Rd6 30. Nc3 Qd7 31. Re2 f6 32. Rec2 Rc8 33. Nxe4 Bxe4 34.
Qxe4 Re8 35. Qf4 h6 36. b4 Rd5 37. Rf2 a5 38. a3 Rb5 39. Rc4 axb4 40. axb4 Qe7
41. Rf3 Rc8 42. e4 Rxb4 43. Rxb4 Qxb4 44. e5 c5 45. exf6 Qxd4 46. fxg7+ Qxg7
47. Rg3 Qf8 48. Qe5+ Kh7 49. f6 Rc6 50. Rg7+ Kh8 51. Qf5 1-0

[Event "FIDE Open World Blitz 2021"]
[Site "Warsaw"]
[Date "2021.12.30"]
[Round "17.52"]
[White "Christiansen, Johan-Sebastian"]
[Black "Bologan, Victor"]
[Result "1-0"]
[WhiteElo "2593"]
[BlackElo "2574"]
[Annotator "ChessBase"]
[PlyCount "57"]
[EventDate "2021.12.29"]
[EventType "swiss"]
[EventCountry "POL"]
[Tiebreak "Cut1 Buchholz"]
[SourceTitle "playchess.com"]
[Source "ChessBase"]
[SourceQuality "1"]

1. e4 g6 2. d4 Bg7 3. Nc3 c6 4. Nf3 d6 5. Be2 Nf6 6. h3 O-O 7. O-O Nbd7 8. Bg5
e5 9. Re1 h6 10. Be3 exd4 11. Nxd4 Re8 12. Bd3 Nc5 13. Bf4 d5 14. e5 Nfd7 15.
Nf3 Ne6 16. Bh2 b5 17. Qd2 Bb7 18. h4 h5 19. Bg3 a6 20. a4 b4 21. Nd1 c5 22.
Ne3 Rc8 23. Bf1 d4 24. Nc4 Bxf3 25. gxf3 Bf8 26. a5 Ng7 27. Bh3 Rc6 28. Re2 Qc8
29. Nb6 1-0

[Event "FIDE Open World Blitz 2021"]
[Site "Warsaw"]
[Date "2021.12.30"]
[Round "18.1"]
[White "Alekseenko, Kirill"]
[Black "Carlsen, Magnus"]
[Result "1/2-1/2"]
[WhiteElo "2710"]
[BlackElo "2855"]
[Annotator "TA"]
[PlyCount "144"]
[EventDate "2021.12.29"]
[EventType "swiss"]
[EventCountry "POL"]
[Tiebreak "Cut1 Buchholz"]
[SourceTitle "playchess.com"]
[Source "ChessBase"]
[SourceQuality "1"]

1. e4 e5 2. Nf3 Nc6 3. Bc4 Bc5 4. O-O Nf6 5. d3 d6 6. c3 a5 7. Nbd2 O-O 8. h3
Ba7 9. Re1 Be6 10. Bb5 Ne7 11. d4 Ng6 12. Nf1 c6 13. Bd3 a4 14. Ng3 b5 15. Be3
Qc7 16. Qc2 Bb6 17. b3 h6 18. Rac1 Qa7 19. b4 a3 20. dxe5 dxe5 21. c4 Bxe3 22.
Rxe3 Rfc8 23. c5 Rd8 24. Bf1 Qa4 25. Qc3 Rd1 26. Rxd1 Qxd1 27. Re1 Qa4 28. Qd2
Ra7 29. Ra1 Rd7 30. Qc3 Kh7 31. Ne2 Nxe4 32. Qe1 Nf6 33. Ng3 Nd5 34. Rb1 f6 35.
h4 Ngf4 36. Qe4+ Kg8 37. Rc1 Qxb4 38. Qc2 Qb2 39. Qxb2 axb2 40. Rb1 Nc3 41.
Rxb2 Rd1 42. Kh2 Bxa2 43. Nd2 Bd5 44. f3 Rc1 45. Nf5 Na4 46. Rb4 Rxc5 47. Nb3
Bxb3 48. Rxb3 Nd5 49. Rd3 h5 50. Rd2 g6 51. Nd6 Nab6 52. Ne4 Rc1 53. Bd3 Kg7
54. Ra2 Na4 55. Rd2 Nac3 56. Nc5 Nb1 57. Ne6+ Kf7 58. Bxb1 Kxe6 59. Bxg6 Nf4
60. Be8 Ke7 61. Bd7 b4 62. Bf5 Nd5 63. g4 Ne3 64. Rd7+ Ke8 65. Be6 hxg4 66.
fxg4 b3 67. Rb7 Rc2+ 68. Kg3 b2 69. h5 Rc3 70. Kh2 Rc2+ 71. Kg3 Rc3 72. Kh2
Rc2+ 1/2-1/2

[Event "FIDE Open World Blitz 2021"]
[Site "Warsaw"]
[Date "2021.12.30"]
[Round "18.1"]
[White "Paravyan, David"]
[Black "Postny, Evgeny"]
[Result "1-0"]
[WhiteElo "2642"]
[BlackElo "2557"]
[Annotator "ChessBase"]
[PlyCount "109"]
[EventDate "2021.12.29"]
[EventType "swiss"]
[EventCountry "POL"]
[Tiebreak "Cut1 Buchholz"]
[SourceTitle "playchess.com"]
[Source "ChessBase"]
[SourceQuality "1"]

1. e4 e5 2. Nf3 Nc6 3. Nc3 Nf6 4. d4 exd4 5. Nxd4 Bb4 6. Nxc6 bxc6 7. Bd3 d5 8.
exd5 cxd5 9. O-O O-O 10. Bg5 Be7 11. Bxf6 Bxf6 12. Nxd5 Bxb2 13. Rb1 Bd4 14.
Bxh7+ Kxh7 15. Qxd4 Be6 16. Rfd1 Bxd5 17. Qxd5 Qxd5 18. Rxd5 Rab8 19. Rb3 Rfd8
20. Rxd8 Rxd8 21. g3 Rd4 22. Rc3 Ra4 23. a3 Kg6 24. h4 f6 25. Kg2 c6 26. Kh3
Kf5 27. f4 Ra5 28. h5 c5 29. Rb3 Ke4 30. Kg4 c4 31. Rb7 f5+ 32. Kg5 Rxa3 33.
Re7+ Kd4 34. Kh4 Ra2 35. Rxg7 Rxc2 36. Rxa7 c3 37. h6 Rh2+ 38. Kg5 c2 39. Rc7
Kd3 40. Kxf5 Rxh6 41. g4 Ra6 42. g5 Ra5+ 43. Kg6 Ra4 44. Rxc2 Kxc2 45. f5 Kd3
46. f6 Ke4 47. f7 Ra8 48. Kf6 Ra6+ 49. Ke7 Ra7+ 50. Kf6 Ra6+ 51. Kg7 Ra7 52. g6
Kf5 53. Kh6 Ra8 54. g7 Ra6+ 55. Kh7 1-0

[Event "FIDE Open World Blitz 2021"]
[Site "Warsaw"]
[Date "2021.12.30"]
[Round "18.2"]
[White "Aronian, Levon"]
[Black "Martirosyan, Haik M."]
[Result "0-1"]
[WhiteElo "2782"]
[BlackElo "2624"]
[Annotator "TA"]
[PlyCount "174"]
[EventDate "2021.12.29"]
[EventType "swiss"]
[EventCountry "POL"]
[Tiebreak "Cut1 Buchholz"]
[SourceTitle "playchess.com"]
[Source "ChessBase"]
[SourceQuality "1"]

1. d4 Nf6 2. Bf4 e6 3. e3 b6 4. Nf3 Bb7 5. Nbd2 Bd6 6. Bg5 Be7 7. Bd3 c5 8. c3
h6 9. Bh4 d6 10. O-O Nbd7 11. Re1 O-O 12. e4 cxd4 13. cxd4 Nh5 14. Bxe7 Qxe7
15. Qb3 Rfc8 16. a4 Rc7 17. a5 Rac8 18. Bf1 Nhf6 19. axb6 axb6 20. Ra7 g6 21.
h3 Kg7 22. Qa3 Qf8 23. Bd3 Bc6 24. Rxc7 Rxc7 25. Rc1 Rc8 26. Ba6 Rc7 27. Bb5
Qc8 28. Qxd6 Ne8 29. Qxc6 Rxc6 30. Rxc6 Qa8 31. Rc1 Ndf6 32. Bc6 Qb8 33. e5 Nd5
34. Bxd5 exd5 35. Nf1 Nc7 36. Ne3 Qb7 37. Ng4 Ne6 38. Nf6 Nf4 39. Kh2 Ne6 40.
h4 Qa8 41. h5 gxh5 42. Nxh5+ Kf8 43. Nf6 Ke7 44. g3 Kd8 45. Kg2 Qa2 46. Rc6
Qxb2 47. Rd6+ Kc8 48. Nxd5 b5 49. Ne7+ Kc7 50. Nd5+ Kc8 51. Ne7+ Kc7 52. d5 Ng5
53. Nxg5 hxg5 54. Nc6 Qc2 55. Kg1 b4 56. Nxb4 Qb1+ 57. Kh2 Qxb4 58. Rf6 Qf8 59.
Kg2 Qg7 60. Rf5 Qh7 61. g4 Kd8 62. f3 Qg6 63. e6 fxe6 64. dxe6 Ke7 65. Rc5 Qf6
66. Rc7+ Kd8 67. Rc5 Ke8 68. Rf5 Qb2+ 69. Kg3 Qc1 70. Kg2 Ke7 71. Rd5 Qb2+ 72.
Kg3 Qc1 73. Kg2 Kxe6 74. Rf5 Qd2+ 75. Kg3 Qc1 76. Kg2 Kd6 77. Kf2 Qh1 78. Ke3
Qe1+ 79. Kd3 Ke6 80. Kc2 Qe2+ 81. Kc3 Qe3+ 82. Kc2 Qe2+ 83. Kc3 Qd1 84. Kc4 Qd2
85. Kb3 Qc1 86. Kb4 Qc2 87. Kb5 Qxf5+ 0-1

[Event "FIDE Open World Blitz 2021"]
[Site "Warsaw"]
[Date "2021.12.30"]
[Round "18.2"]
[White "Puranik, Abhimanyu"]
[Black "Bartel, Mateusz"]
[Result "1-0"]
[WhiteElo "2604"]
[BlackElo "2619"]
[Annotator "ChessBase"]
[PlyCount "131"]
[EventDate "2021.12.29"]
[EventType "swiss"]
[EventCountry "POL"]
[Tiebreak "Cut1 Buchholz"]
[SourceTitle "playchess.com"]
[Source "ChessBase"]
[SourceQuality "1"]

1. e4 e5 2. Nf3 Nc6 3. Bb5 a6 4. Ba4 Nge7 5. Nc3 Ng6 6. h4 Nf4 7. g3 Ne6 8. d3
Bc5 9. Nd5 d6 10. Be3 Bxe3 11. Nxe3 Bd7 12. c3 Ne7 13. Bb3 c6 14. Ng5 d5 15.
Qf3 Nxg5 16. hxg5 Be6 17. Nf5 Bxf5 18. exf5 Qd6 19. O-O-O f6 20. Rh5 fxg5 21.
Rdh1 h6 22. Rxg5 Qf6 23. Rgh5 O-O-O 24. g4 g5 25. Qh3 Ng8 26. Qe3 Rd7 27. Re1
Rhh7 28. Qa7 Kc7 29. Rh3 Rhe7 30. Qc5 Qd6 31. Qa5+ Kb8 32. Rhe3 Nf6 33. f3 Re8
34. Qa3 Qxa3 35. bxa3 Rde7 36. Rh1 Ng8 37. Re2 Kc7 38. Kd2 Kd6 39. Reh2 Rh7 40.
d4 e4 41. Bd1 exf3 42. Bxf3 Ke7 43. a4 Kf6 44. a5 Ree7 45. Kd3 Re8 46. c4 dxc4+
47. Kxc4 Re3 48. Bd1 Rd7 49. Bb3 Kg7 50. Kc5 Rc3+ 51. Kb4 Rg3 52. Bxg8 Kxg8 53.
Rxh6 Rxd4+ 54. Kc5 Rd5+ 55. Kb6 Rxg4 56. Rg6+ Kf8 57. Rh8+ Kf7 58. Rh7+ Kf8 59.
Kxb7 Rxf5 60. Rxc6 Rf7+ 61. Rxf7+ Kxf7 62. Kxa6 Ra4 63. Rc2 Kf6 64. Kb5 Ra3 65.
Kb4 Rd3 66. a6 1-0

[Event "FIDE Open World Blitz 2021"]
[Site "Warsaw"]
[Date "2021.12.30"]
[Round "18.3"]
[White "Duda, Jan-Krzysztof"]
[Black "Dubov, Daniil"]
[Result "0-1"]
[WhiteElo "2756"]
[BlackElo "2714"]
[Annotator "ChessBase"]
[PlyCount "58"]
[EventDate "2021.12.29"]
[EventType "swiss"]
[EventCountry "POL"]
[Tiebreak "Cut1 Buchholz"]
[SourceTitle "playchess.com"]
[Source "ChessBase"]
[SourceQuality "1"]

1. e4 c5 2. Nf3 d6 3. c3 Nf6 4. Bd3 g6 5. Bc2 e5 6. O-O Bg7 7. d4 exd4 8. cxd4
cxd4 9. Nxd4 O-O 10. Nc3 Nc6 11. Ndb5 Bg4 12. Qd2 a6 13. Nxd6 Qe7 14. Nc4 Rad8
15. Qe1 Nd4 16. Ne3 b5 17. f3 Be6 18. Bd1 Rfe8 19. Kh1 Qb7 20. Ne2 Nd7 21. Nxd4
Bxd4 22. Be2 Bg7 23. a4 bxa4 24. Rxa4 Nc5 25. Rb4 Qc7 26. Bd2 Nb3 27. Bc3 Bxc3
28. bxc3 Nd2 29. Rg1 Qxc3 0-1

[Event "FIDE Open World Blitz 2021"]
[Site "Warsaw"]
[Date "2021.12.30"]
[Round "18.3"]
[White "Nasuta, Grzegorz"]
[Black "Zvjaginsev, Vadim"]
[Result "0-1"]
[WhiteElo "2377"]
[BlackElo "2609"]
[Annotator "ChessBase"]
[PlyCount "106"]
[EventDate "2021.12.29"]
[EventType "swiss"]
[EventCountry "POL"]
[Tiebreak "Cut1 Buchholz"]
[SourceTitle "playchess.com"]
[Source "ChessBase"]
[SourceQuality "1"]

1. e4 c5 2. Nf3 Nc6 3. Bb5 Nf6 4. Bxc6 dxc6 5. d3 h6 6. h3 g5 7. Nc3 Bg7 8. Be3
b6 9. Qd2 Qc7 10. O-O-O Be6 11. d4 O-O-O 12. Qe2 cxd4 13. Nxd4 Nd7 14. h4 Bxd4
15. Bxd4 f6 16. f3 Kb7 17. a4 a5 18. b3 Ne5 19. Qf2 Ng6 20. h5 Ne5 21. Ne2 Rd7
22. Bc3 Rhd8 23. Rxd7 Rxd7 24. Kb2 Bf7 25. Qe3 Qd6 26. Nd4 e6 27. Ne2 c5 28.
Nc1 c4 29. Bxe5 Qxe5+ 30. Qc3 Qxc3+ 31. Kxc3 e5 32. Ne2 cxb3 33. cxb3 Be6 34.
g4 b5 35. axb5 Kb6 36. Ng3 Kxb5 37. Ra1 Rc7+ 38. Kb2 Rd7 39. Kc3 Rd4 40. Nf1
Rd8 41. Ne3 Bxb3 42. Nf5 a4 43. Nxh6 Rc8+ 44. Kd3 Kb4 45. Nf5 a3 46. h6 a2 47.
Ne7 Rd8+ 48. Ke3 Ka3 49. Ng6 Bg8 50. Rh1 Bh7 51. Ne7 Rb8 52. Nd5 Rb3+ 53. Kd2
Rb1 0-1

[Event "FIDE Open World Blitz 2021"]
[Site "Warsaw"]
[Date "2021.12.30"]
[Round "18.4"]
[White "Erigaisi Arjun"]
[Black "Vachier-Lagrave, Maxime"]
[Result "0-1"]
[WhiteElo "2627"]
[BlackElo "2766"]
[Annotator "ChessBase"]
[PlyCount "72"]
[EventDate "2021.12.29"]
[EventType "swiss"]
[EventCountry "POL"]
[Tiebreak "Cut1 Buchholz"]
[SourceTitle "playchess.com"]
[Source "ChessBase"]
[SourceQuality "1"]

1. e4 c5 2. Nf3 d6 3. Bb5+ Bd7 4. Bxd7+ Qxd7 5. c4 Nc6 6. Nc3 g6 7. d4 cxd4 8.
Nxd4 Bg7 9. Be3 Nf6 10. f3 O-O 11. O-O a6 12. Qd2 Rfc8 13. b3 Nxd4 14. Bxd4 b5
15. cxb5 axb5 16. a4 bxa4 17. Nxa4 Qb5 18. Rab1 Nd7 19. Bxg7 Kxg7 20. Qd4+ f6
21. Nc3 Qb6 22. Qxb6 Nxb6 23. Rfc1 Ra3 24. Kf2 Kf7 25. Ke3 Nd7 26. Kd2 Nc5 27.
Kc2 Na4 28. Kd3 Nc5+ 29. Kc2 f5 30. exf5 gxf5 31. g3 h5 32. Rd1 Na4 33. bxa4
Rcxc3+ 34. Kb2 Rcb3+ 35. Kc2 Rxf3 36. Rf1 Ra2+ 0-1

[Event "FIDE Open World Blitz 2021"]
[Site "Warsaw"]
[Date "2021.12.30"]
[Round "18.4"]
[White "Movsesian, Sergei"]
[Black "Zilka, Stepan"]
[Result "1-0"]
[WhiteElo "2615"]
[BlackElo "2593"]
[Annotator "ChessBase"]
[PlyCount "61"]
[EventDate "2021.12.29"]
[EventType "swiss"]
[EventCountry "POL"]
[Tiebreak "Cut1 Buchholz"]
[SourceTitle "playchess.com"]
[Source "ChessBase"]
[SourceQuality "1"]

1. e4 e5 2. Nf3 Nc6 3. Bc4 Nf6 4. d3 Be7 5. O-O O-O 6. a4 d6 7. a5 Be6 8. Nc3
d5 9. exd5 Nxd5 10. Bb5 Nd4 11. Nxd4 exd4 12. Ne2 c5 13. a6 bxa6 14. Bxa6 Qb6
15. Bc4 a5 16. Re1 Rfe8 17. Ng3 Bf8 18. h3 a4 19. Ne4 Nc7 20. Bxe6 Rxe6 21. Qf3
Qb4 22. Bd2 Qxb2 23. Ng5 Rxe1+ 24. Rxe1 f6 25. Ne6 Qxc2 26. Nxc7 Qxd2 27. Rd1
Qc2 28. Nxa8 a3 29. Ra1 c4 30. Qd5+ Kh8 31. Qf7 1-0